Arsenic in ground water of the Willamette Basin, Oregon /

Bibliographic Details
Main Author: Hinkle, Stephen R.
Corporate Authors: Oregon. Water Resources Department, Geological Survey (U.S.)
Other Authors: Polette, Danial J.
Format: Government Document Book
Language:English
Published: Portland, Or. : U.S. Dept. of the Interior, U.S. Geological Survey ; 1999.
Series:Water-resources investigations report ; 98-4205.
Subjects:

MARC

Tag First Indicator Second Indicator Subfields
LEADER 00000cam a2200000 a 4500
001 in00000006118
005 20150928120010.0
008 990820s1999 oruab b f000 0 eng d
035 |a (OCoLC)42203262 
035 |9 AJK1267AM 
040 |d GPO  |d DLC  |d MvI  |d UtOrBLW 
043 |a n-us-or 
049 |a UDOC 
074 |a 0624-B 
086 0 |a I 19.42/4:98-4205 
100 1 |a Hinkle, Stephen R. 
245 1 0 |a Arsenic in ground water of the Willamette Basin, Oregon /  |c by Stephen R. Hinkle and Danial J. Polette ; prepared in cooperation with Oregon Water Resources Department. 
264 1 |a Portland, Or. :  |b U.S. Dept. of the Interior, U.S. Geological Survey ;  |c 1999. 
264 2 |a Denver, CO :  |b Branch of Information Services [distributor], 
300 |a iv, 28 pages :  |b illustrations, maps (some color) ;  |c 28 cm. 
336 |a text  |b txt  |2 rdacontent 
337 |a unmediated  |b n  |2 rdamedia 
338 |a volume  |b nc  |2 rdacarrier 
490 1 |a Water-resources investigations report ;  |v 98-4205 
500 |a Shipping list number: 99-0329-P. 
500 |a One plate of map on folded leaf in pocket. 
504 |a Includes bibliographical references (pages 24-26). 
650 0 |a Arsenic  |x Environmental aspects  |z Oregon  |z Willamette River Region. 
650 0 |a Groundwater  |x Pollution  |z Oregon  |z Willamette River Region. 
700 1 |a Polette, Danial J. 
710 1 |a Oregon.  |b Water Resources Department. 
710 2 |a Geological Survey (U.S.) 
830 0 |a Water-resources investigations report ;  |v 98-4205. 
999 |a MARS 
999 f f |s 002073d6-e89c-32ee-b16c-6e2f6ca57e4e  |i d79be025-53a4-358d-911b-fe2769cfddba  |t 0 
952 f f |p normal  |a Texas A&M University  |b College Station  |c Sterling C. Evans Library  |d Evans: US Documents (Annex 5th floor)  |t 0  |e I 19.42/4:98-4205  |h Superintendent of Documents classification  |i unmediated -- volume  |m A14824322081 
998 f f |a I 19.42/4:98-4205  |t 0  |l Evans: US Documents (Annex 5th floor)